DIFIORE'S ATLAS OF HISTOLOGY WITH FUNCTIONAL CORRELATIONS (Record no. 30734)

MARC details
000 -LEADER
fixed length control field 00458nam a22001697a 4500
003 - CONTROL NUMBER IDENTIFIER
control field SGT
020 ## - INTERNATIONAL STANDARD BOOK NUMBER
International Standard Book Number 9789389859577
082 ## - DEWEY DECIMAL CLASSIFICATION NUMBER
Classification number 611
Item number D22P
100 ## - MAIN ENTRY--PERSONAL NAME
Personal name PRASANNA, L.C.
245 ## - TITLE STATEMENT
Title DIFIORE'S ATLAS OF HISTOLOGY WITH FUNCTIONAL CORRELATIONS
250 ## - EDITION STATEMENT
Edition statement 1ST S.A.
260 ## - PUBLICATION, DISTRIBUTION, ETC. (IMPRINT)
Place of publication, distribution, etc INDIA
Name of publisher, distributor, etc WOLTERS KLUWER PUB
Year of Publication 2022
300 ## - PAGE DESCRIPTION
No. of Pages 712
650 ## - SUBJECT ADDED ENTRY--TOPICAL TERM
Topical term or geographic name as entry element HUMAN ANATOMY
653 ## - KEYWORDS--INDEX TERM
Keyword term DIFIORE'S ATLAS OF HISTOLOGY WITH FUNCTIONAL CORRELATIONS
942 ## - ADDED ENTRY ELEMENTS (KOHA)
Source of classification or shelving scheme Dewey Decimal Classification
Koha item type Books
Holdings
Withdrawn status Lost status Source of classification or shelving scheme Damaged status Not for loan Collection code Home library Current library Shelving location Date acquired Vendor Name Cost, normal purchase price SGTU Bill Number Full call number Accession No. (Barcode) Date last seen Bill Date Koha item type Total Checkouts Date last borrowed
    Dewey Decimal Classification   Not For Loan MEDICAL SGT Medical Library SGT Medical Library Record Book 11/02/2025 ABC DELHI 1479.00 SGTU 20461 611 D22P FM14979 07/04/2025 11/02/2025 Books    
    Dewey Decimal Classification     MEDICAL SGT Medical Library SGT Medical Library Text Book 11/02/2025 ABC DELHI 1479.00 SGTU 20461 611 D22P FM14980 27/11/2025 11/02/2025 Books 1 14/11/2025
    Dewey Decimal Classification     MEDICAL SGT Medical Library SGT Medical Library Text Book 11/02/2025 ABC DELHI 1479.00 SGTU 20461 611 D22P FM14981 05/02/2026 11/02/2025 Books 1 22/01/2026